000 00681cam a22002537a 4500
003 CHAP
005 20220329135506.0
008 971013s r 00010 d
010 _a37499
011 _a38471
035 _a42591
040 _cCHAP
090 _aR-319
100 0 0 _aParodi, Lorenzo R.
_985656
245 1 4 _aLos arroces de la flora argentina
500 _aSobretiro de: Physiscs 11:238-252, 1933.
590 _aBATCH-UPD
_b10
_c20130110
_lUCH01
_h1126
590 _aCONVERSION
_b10
_c20130109
_lUCH01
_h1321
650 1 4 _aArroz.
_97554
650 1 4 _aArroz
_xArgentina.
_97560
901 _aBK
942 _cREIMP
949 _aR-319
_bBC
_cR
_d-97998
_eTS1
_i42591
_si
999 _c37499
_d37499